书目信息 |
| 题名: |
地质力学讲话
|
|
| 作者: | ;《地质力学讲话》编写组 编 | |
| 分册: | ||
| 出版信息: | 北京 地质出版社 1972 |
|
| 页数: | 95页 | |
| 开本: | 20cm | |
| 丛书名: | ||
| 单 册: | ||
| 中图分类: | P55 | |
| 科图分类: | ||
| 主题词: | 地质力学 | |
| 电子资源: | ||
| ISBN: | ||
| 000 | 00616nam0 2200205 450 | |
| 001 | 0653795750 | |
| 005 | 20060509145846.68 | |
| 010 | @dCNY0.30 | |
| 100 | @a20060509d1972 km y0chiy0120 ea | |
| 101 | 0 | @achi |
| 102 | @aCN@b110000 | |
| 102 | @aCN@b110000 | |
| 200 | 1 | @a地质力学讲话@Adi zhi li xue jiang hua@f《地质力学讲话》编写组编@F《di zhi li xue jiang hua》bian xie zu bian |
| 210 | @a北京@c地质出版社@d1972 | |
| 215 | @a95页@d20cm | |
| 606 | 0 | @a地质力学 |
| 690 | @aP55@v3 | |
| 711 | 0 | @a《地质力学讲话》编写组@A《di zhi li xue jiang hua》bian xie zu@4编 |
| 801 | 0 | @aCN@bPFT@c20060509 |
| 905 | @a10447@dP55@e3 | |
| 地质力学讲话/《地质力学讲话》编写组编.-北京:地质出版社,1972 |
| 95页;20cm |
| ISBN :CNY0.30 |
| ● |
| 相关链接 |
|
|
|
|
正题名:地质力学讲话
索取号:P55/3
 
预约/预借
| 序号 | 登录号 | 条形码 | 馆藏地/架位号 | 状态 | 备注 |
| 1 | 0016377 | 202316984 | 密集书库/ [索取号:P55/3] | 在馆 |